[Event "Lovsprings op 12th D"]
[Site "Ringsted"]
[Date "2001.04.27"]
[Round "7"]
[White "Mogensen, Soren"]
[Black "Vintersfjord, Inette"]
[Result "1-0"]
[WhiteElo "1206"]
[BlackElo "1016"]
[PlyCount "87"]
[EventDate "2001.03.02"]
[EventType "swiss"]
[EventRounds "7"]
[EventCountry "DEN"]
[SourceTitle "EXT 2023"]
[Source "ChessBase"]
[SourceDate "2022.10.05"]
[SourceVersion "1"]
[SourceVersionDate "2022.10.05"]
[SourceQuality "1"]

1. e4 e5 2. Nf3 Nc6 3. c3 Nf6 4. d4 exd4 5. e5 Nd5 6. cxd4 Bb4+ 7. Bd2 Bxd2+ 8. Nbxd2 0-0 9. Bc4 Nce7 10. 0-0 d6 11. Bxd5 Nxd5 12. Qb3 c6 13. Nc4 dxe5 14. Ncxe5 Nf4 15. Rfe1 Qf6 16. Qe3 Nd5 17. Qd2 h6 18. Nc4 Qg6 19. Nfe5 Qf6 20. Ne3 Qg5 21. N3c4 Nf4 22. g3 Nh3+ 23. Kg2 Qxd2 24. Nxd2 Ng5 25. f4 Ne6 26. Nb3 Rd8 27. Red1 f6 28. Nf3 b6 29. Rac1 Bb7 30. Kf2 Kf7 31. f5 Ng5 32. Nxg5+ hxg5 33. d5 g6 34. Rd2 Rd7 35. fxg6+ Kxg6 36. dxc6 Rxd2+ 37. Nxd2 Bc8 38. Ne4 Bf5 39. c7 Rh8 40. Kg1 Bc8 41. Rd1 Re8 42. Rd8 Rxe4 43. Rxc8 Rc4 44. Rg8+ 1-0

[Event "Lovsprings op 12th D"]
[Site "Ringsted"]
[Date "2001.03.23"]
[Round "4"]
[White "Nielsen, Henrik"]
[Black "Vintersfjord, Inette"]
[Result "0-1"]
[WhiteElo "1186"]
[BlackElo "1016"]
[PlyCount "96"]
[EventDate "2001.03.02"]
[EventType "swiss"]
[EventRounds "7"]
[EventCountry "DEN"]
[SourceTitle "EXT 2023"]
[Source "ChessBase"]
[SourceDate "2022.10.05"]
[SourceVersion "1"]
[SourceVersionDate "2022.10.05"]
[SourceQuality "1"]

1. e4 e5 2. Nf3 Nc6 3. Bc4 Bc5 4. c3 a6 5. d4 exd4 6. cxd4 Bb4+ 7. Bd2 Bxd2+ 8. Qxd2 h6 9. a3 d6 10. Nc3 Nge7 11. Qf4 0-0 12. 0-0 Ng6 13. Qe3 Bd7 14. Rad1 Re8 15. Rfe1 b5 16. Bb3 Na5 17. Ba2 c6 18. b4 Nb7 19. e5 Be6 20. d5 cxd5 21. Bxd5 Bxd5 22. Rxd5 Qd7 23. Qd4 Re6 24. g3 Ne7 25. Rxd6 Nxd6 26. exd6 Rxd6 27. Qe4 Rc8 28. Ne5 Qe6 29. Qf3 f6 30. Nd3 Qf5 31. Nf4 g5 32. Ne4 Re6 33. Nxf6+ Rxf6 34. Qb3+ Kh8 35. Rxe7 gxf4 36. Qb2 fxg3 37. hxg3 Rcf8 38. Re2 h5 39. Qd4 Kh7 40. Kg2 Qg4 41. Qd3+ Kh8 42. Qc2 h4 43. Re4 Qf3+ 44. Kf1 Qxf2+ 45. Qxf2 Rxf2+ 46. Kg1 h3 47. Rh4+ Kg7 48. Rxh3 Rf1+ 0-1

[Event "Lovsprings op 12th D"]
[Site "Ringsted"]
[Date "2001.03.09"]
[Round "2"]
[White "Abdi, Farhad"]
[Black "Vintersfjord, Inette"]
[Result "1-0"]
[WhiteElo "1167"]
[BlackElo "1016"]
[PlyCount "75"]
[EventDate "2001.03.02"]
[EventType "swiss"]
[EventRounds "7"]
[EventCountry "DEN"]
[SourceTitle "EXT 2023"]
[Source "ChessBase"]
[SourceDate "2022.10.05"]
[SourceVersion "1"]
[SourceVersionDate "2022.10.05"]
[SourceQuality "1"]

1. Nf3 d5 2. g3 Bf5 3. Bg2 e6 4. d3 Bc5 5. 0-0 h6 6. Nbd2 Nf6 7. Nb3 b6 8. Nfd4 0-0 9. c3 Nbd7 10. Qc2 Ne5 11. Bf4 Qd6 12. Nb5 Qc6 13. Bxe5 Qxb5 14. Bxc7 Rac8 15. Be5 Nd7 16. Bd4 Bxd4 17. Nxd4 Qc5 18. Nxf5 exf5 19. d4 Qd6 20. Qxf5 Rce8 21. e3 Nf6 22. Rfe1 g6 23. Qf4 Qxf4 24. exf4 h5 25. Re5 Rd8 26. h3 Rd6 27. Rae1 Kg7 28. f3 Nd7 29. Re8 Rxe8 30. Rxe8 Nf6 31. Re5 a5 32. g4 hxg4 33. fxg4 Kh6 34. g5+ Kg7 35. gxf6+ Kxf6 36. Rxd5 Re6 37. Re5 Rd6 38. Kf2 1-0

[Event "Lovsprings op 11th D"]
[Site "Ringsted"]
[Date "2000.05.12"]
[Round "7"]
[White "Vintersfjord, Inette"]
[Black "Bigum, Vagn"]
[Result "1-0"]
[WhiteElo "1000"]
[BlackElo "1101"]
[PlyCount "49"]
[EventDate "2000.03.24"]
[EventType "swiss"]
[EventRounds "7"]
[EventCountry "DEN"]
[SourceTitle "EXT 2023"]
[Source "ChessBase"]
[SourceDate "2022.10.05"]
[SourceVersion "1"]
[SourceVersionDate "2022.10.05"]
[SourceQuality "1"]

1. e4 d5 2. exd5 Nf6 3. Nc3 Nxd5 4. Nxd5 Qxd5 5. h3 Nc6 6. Nf3 e5 7. d3 Be7 8. Be2 h6 9. 0-0 Be6 10. Be3 Nd4 11. c3 Nxe2+ 12. Qxe2 0-0 13. Bd2 Bd6 14. c4 Qc6 15. b3 Rae8 16. Rfe1 f6 17. Be3 Bc5 18. Bxc5 Qxc5 19. Qe4 c6 20. d4 exd4 21. Qxd4 Qa5 22. Qd6 Bf7 23. Qd7 Rxe1+ 24. Nxe1 Re8 25. Qd1 1-0

[Event "Lovsprings op 11th D"]
[Site "Ringsted"]
[Date "2000.04.07"]
[Round "3"]
[White "Vintersfjord, Inette"]
[Black "Simonsen, Andreas"]
[Result "1-0"]
[WhiteElo "1000"]
[BlackElo "1000"]
[PlyCount "63"]
[EventDate "2000.03.24"]
[EventType "swiss"]
[EventRounds "7"]
[EventCountry "DEN"]
[SourceTitle "EXT 2023"]
[Source "ChessBase"]
[SourceDate "2022.10.05"]
[SourceVersion "1"]
[SourceVersionDate "2022.10.05"]
[SourceQuality "1"]

1. e4 g6 2. d4 Bg7 3. Nf3 Nf6 4. Nc3 Nc6 5. Be3 b6 6. Bd3 Bb7 7. a3 d5 8. exd5 Nxd5 9. Nxd5 Qxd5 10. Be2 0-0 11. 0-0 Na5 12. b3 Bf6 13. Bf4 g5 14. Bxc7 g4 15. Ne1 Bxd4 16. Rb1 Bc3 17. Bxg4 Bxe1 18. Bf3 Qb5 19. Rxe1 Bxf3 20. Qxf3 f6 21. Rbd1 Nc6 22. g3 Ne5 23. Bxe5 fxe5 24. Qe4 Qc5 25. Qxe5 Qxf2+ 26. Kh1 Qf3+ 27. Kg1 Rad8 28. Rxd8 Rxd8 29. Qxe7 Rd2 30. Qg5+ Kh8 31. Re8+ Qf8 32. Rxf8# 1-0

[Event "Lovfalds 12th F"]
[Site "Ringsted"]
[Date "1998.09.18"]
[Round "1"]
[White "Vintersfjord, Inette"]
[Black "Pedersen, Bjarne GW"]
[Result "0-1"]
[WhiteElo "1000"]
[BlackElo "1080"]
[PlyCount "108"]
[EventDate "1998.09.18"]
[EventType "swiss"]
[EventRounds "5"]
[EventCountry "DEN"]
[SourceTitle "EXT 2023"]
[Source "ChessBase"]
[SourceDate "2022.10.05"]
[SourceVersion "1"]
[SourceVersionDate "2022.10.05"]
[SourceQuality "1"]

1. e4 c5 2. Nc3 Nc6 3. Bc4 e6 4. Nf3 g6 5. d3 Bg7 6. Bg5 Nge7 7. 0-0 0-0 8. Rb1 a6 9. a3 Re8 10. Na4 b5 11. Nxc5 bxc4 12. dxc4 Rb8 13. c3 a5 14. a4 d6 15. Nb3 Ba6 16. Bxe7 Rxe7 17. Re1 Bxc4 18. Nbd4 Nxd4 19. cxd4 Bb3 20. Qd3 Bxa4 21. Ra1 Rb4 22. e5 dxe5 23. Nxe5 Qxd4 24. Qxd4 Rxd4 25. Rac1 Bxe5 26. Rxe5 Red7 27. Ree1 Rd2 28. Rb1 Bc2 29. Rbc1 a4 30. Ra1 Rb7 31. Ra2 Rd1 32. Rxd1 Bxd1 33. h3 Rb4 34. Kh2 Re4 35. f3 Rd4 36. Kg1 e5 37. Ra1 Bb3 38. Re1 f6 39. g4 Bd5 40. Kf2 Rd2+ 41. Ke3 Rxb2 42. f4 Rb3+ 43. Kf2 Rf3+ 44. Kg2 Rxf4+ 45. Kg3 a3 46. Rc1 a2 47. Rc8+ Kf7 48. Rc7+ Ke6 49. Ra7 g5 50. Ra6+ Kd7 51. Ra5 Rf3+ 52. Kh2 Rd3 53. Ra7+ Kc6 54. h4 gxh4 0-1